Importación de trabajadores indígenas en el siglo XVII
Saved in:
| Main Author: | |
|---|---|
| Format: | Book |
| Language: | Spanish |
| Published: |
Santiago
Hispano Suiza
1958
|
| Subjects: | |
| Tags: |
Add Tag
No Tags, Be the first to tag this record!
|
MARC
| LEADER | 00000nam a2200000 a 4500 | ||
|---|---|---|---|
| 001 | UCO2827 | ||
| 003 | CL-VaPUC | ||
| 008 | 000608e19580000CL |||||||||||||||||spa|d | ||
| 082 | 0 | 4 | |a 980.013 |b JAR |2 21 |
| 100 | |a Jara Hantke, Álvaro |e author |9 559230 | ||
| 245 | 1 | 0 | |a Importación de trabajadores indígenas en el siglo XVII |
| 300 | |a 212 p | ||
| 942 | |c BK | ||
| 945 | |d 20000608 00:00:00 |a rherrera | ||
| 260 | |a Santiago |b Hispano Suiza |c 1958 | ||
| 500 | |a Apartado de la revista chilena de Historia y Geografía, 124 | ||
| 650 | 7 | |a HISTORIA DE AMERICA SIGLO 17 |2 CL-VaPUC |9 446453 | |
| 650 | 7 | |a TRABAJADORES INDIGENAS |2 CL-VaPUC |9 446494 | |
| 650 | 0 | |a Desarrollo económico |9 259599 | |
| 651 | 0 | |a América |9 255182 | |
| 583 | |a last modification |c 20160817 01:11:16 |k Rodrigo Vera | ||
| 999 | |c 289321 |d 289319 | ||
| 952 | |0 0 |1 0 |4 0 |6 980_013000000000000_JAR_1958 |7 0 |8 A |9 337610 |a BIBHIS |b BIBHIS |d 2019-11-20 |i 1287923 |o 980.013 JAR 1958 |p 1287923 |r 2025-01-20 |w 2019-11-20 |y BK |k HIS | ||